00842nam a22001817a 4500003000200000005001700002008004100019050002600060100002700086245014800113260007100261300006400332500005100396504005600447650004800503650004200551650006700593020250206173957.0250206b xxu||||| |||| 00| 0 eng d aLB 1044.87b.P73 2023 aPradillada, Jancel U.  aDevelopment of a LIP training records management system for Taylor Center of Southville International School and CollegescJancel U. Pradillada aLas Pinas CitybSouthville International School and Collegesc2023 axiii, 202 pages:bcolored pictures and illustration;c28cm. aBachelor of Science in Information Technology. aIncludes bibliographical references and appendices. aRecords management — Systems development. a LIP training — Records management. aEducational institutions — Technology in records management.